000 00321nam a22001457a 4500
999 _c54944
_d54944
008 190927b ||||| |||| 00| 0 eng d
020 _a9780071716727
041 _aeng
080 _22nd
_a618.1
082 _a618.1
100 _a11
101 _aGJIN
245 _aWilliams Gynecology
_cHoffman,B.L
942 _2udc
_cBK